000 00940cam a2200313 4500
001 291943
003 OSt
005 20230704112313.0
008 710622s1971 enk b 001 0 eng
010 _a 70025158
015 _aB***
020 _a0195013964
040 _aDLC
_cDLC
_dDLC
050 0 0 _aJX1977
_b.N45 1971
082 0 0 _a341/.232
_bNIC
100 1 _aNicholas, H. G.
_q(Herbert George),
_d1911-
245 1 4 _aThe United Nations as a political institution
_c[by] H. G. Nicholas.
250 _a4th ed.
260 _aLondon,
_aNew York,
_bOxford University Press,
_c1971.
300 _a254 p.
_c21 cm.
350 _a$1.95 (U.S.)
490 0 _aA Galaxy book 105
500 _a"Charter of the United Nations": p. [213]-245.
504 _aIncludes bibliographical references.
610 2 0 _aUnited Nations.
710 2 _aUnited Nations.
_tCharter.
906 _a7
_bcbc
_corignew
_d2
_eocip
_f19
_gy-gencatlg
942 _2ddc
_cBK
999 _c3733
_d3733